Obras completas de Augusto Ferrán / (Record no. 53939)

MARC details
000 -LEADER
campo de control de longitud fija 00888nam a2200229 i 4500
001 - NÚMERO DE CONTROL
campo de control 53939
003 - IDENTIFICADOR DE NÚMERO DE CONTROL
campo de control ES-MaACL
005 - FECHA Y HORA DE LA ÚLTIMA TRANSACCIÓN
campo de control 20251004063108.0
007 - CAMPO FIJO DE DESCRIPCIÓN FÍSICA--INFORMACIÓN GENERAL
campo de control de longitud fija t|
008 - DATOS DE LONGITUD FIJA--INFORMACIÓN GENERAL
campo de control de longitud fija 960710s1893 sp |||| | spa d
100 1# - ENTRADA PRINCIPAL--NOMBRE DE PERSONA
Nombre de persona Ferrán, Augusto,
Fechas asociadas al nombre 1835-1880
9 (RLIN) 50231
245 10 - MENCIÓN DEL TÍTULO
Título Obras completas de Augusto Ferrán /
Mención de responsabilidad, etc. prólogo de Gustavo A. Bécquer.
260 ## - PUBLICACIÓN, DISTRIBUCIÓN, ETC.
Lugar de publicación, distribución, etc. Madrid :
Nombre del editor, distribuidor, etc. La España Moderna,
Fecha de publicación, distribución, etc. [1893] (
Fabricante Agustín Avrial)
300 ## - DESCRIPCIÓN FÍSICA
Extensión 290, [12] p. ;
Dimensiones 17 cm.
490 1# - MENCIÓN DE SERIE
Mención de serie Colección de libros escogidos ;
Designación de volumen o secuencia 92
500 ## - NOTA GENERAL
Nota general Fecha tomada de las páginas editoriales.
505 8# - NOTA DE CONTENIDO CON FORMATO
Nota de contenido con formato Contiene: La soledad ; La pereza ; El puñal ; Una inspiración alemana ; Epitafio de una joven ; Cantares del pueblo
700 1# - ENTRADA AGREGADA--NOMBRE PERSONAL
Nombre de persona Bécquer, Gustavo Adolfo,
Fechas asociadas al nombre 1836-1870
9 (RLIN) 26974
830 0# - PUNTO DE ACCESO ADICIONAL DE SERIE-TÍTULO UNIFORME
Título uniforme Colección de libros escogidos ;
Designación de volumen o secuencia 92
9 (RLIN) 181858
852 ## - LOCALIZACIÓN
Ubicación ES-MaACL
Número de control de estantería A-4705
Holdings
Estatus retirado Estado de pérdida Estado de daño No para préstamo Colección Biblioteca de origen Biblioteca actual Ubicación en estantería Fecha de adquisición Fuente de adquisición Total de préstamos Signatura topográfica completa Código de barras Visto por última vez Precio de reemplazo Tipo de ítem Koha
        Libros del s. XIX Biblioteca del Ateneo de Madrid Biblioteca del Ateneo de Madrid Sala Pecera Planta 1 17/01/2008     A-4705 1056687 23/02/2023 23/02/2023 Libro impreso antiguo